| 000 | 00508nam a2200145Ia 4500 | ||
|---|---|---|---|
| 008 | 170221s9999 xx 000 0 und d | ||
| 100 | _aMaznah Mat Kasim | ||
| 245 | _aSustainability Criteria for the Malaysia Homestay Programme | ||
| 245 | _cMaznah Mat Kasim, Kalsom Kayat, Razamin Ramli, Rohaini Ramli | ||
| 260 | _bInternational Review of Management and Marketing | ||
| 260 | _cJune 2012 | ||
| 300 | _a4:1 | ||
| 650 | _xMarketing. | ||
| 856 | _uhttp://www.econjournals.com/index.php/irmm/issue/view/91 | ||
| 999 |
_c310402 _d310402 |
||